[Event "Sitges Sunway op 8th"]
[Site "Sitges"]
[Date "2021.12.14"]
[Round "2"]
[White "Setyaki, Azarya Jodi"]
[Black "Jacobi, Niklas"]
[Result "1-0"]
[WhiteElo "2389"]
[BlackElo "1917"]
[PlyCount "103"]
[EventDate "2021.12.13"]
[EventType "swiss"]
[EventRounds "10"]
[EventCountry "ESP"]
[SourceTitle "CBM 205 Extra"]
[Source "ChessBase"]
[SourceDate "2022.01.31"]
[SourceVersion "1"]
[SourceVersionDate "2022.01.31"]
[SourceQuality "1"]

1. e4 e5 2. Nf3 Nc6 3. Bb5 a6 4. Ba4 Nf6 5. 0-0 Be7 6. Re1 b5 7. Bb3 0-0 8. a4 b4 9. d3 d6 10. Nbd2 a5 11. c3 Bb7 12. Nc4 bxc3 13. bxc3 d5 14. exd5 Nxd5 15. Bd2 f6 16. Ne3 Nb8 17. d4 Kh8 18. Nxd5 Bxd5 19. Bxd5 Qxd5 20. dxe5 Nc6 21. exf6 Bxf6 22. Qe2 Rab8 23. Rab1 Rxb1 24. Rxb1 Qa2 25. Qb5 Ne5 26. Nxe5 Qxd2 27. Qc5 Re8 28. Nf3 Qxc3 29. Qxc3 Bxc3 30. Rc1 Rb8 31. g3 Rb3 32. Ng5 h6 33. Ne4 Be5 34. Rc5 Bd4 35. Rxa5 Bb6 36. Rb5 Rxb5 37. axb5 Kg8 38. Kf1 Kf7 39. Ke2 Ke6 40. h4 Kd5 41. Kd3 Ba7 42. h5 Bd4 43. f4 Bb2 44. Nc3+ Ke6 45. Nd1 Ba3 46. Ne3 Bc5 47. Ke4 Bd6 48. Nf5 Bf8 49. g4 Kf6 50. Kd5 g6 51. hxg6 h5 52. g7 1-0

[Event "Gelsenkirchen Silvester op 6th"]
[Site "Gelsenkirchen"]
[Date "2018.12.29"]
[Round "6"]
[White "Raabe, Stefan"]
[Black "Jacobi, Niklas"]
[Result "1-0"]
[WhiteElo "1924"]
[BlackElo "1842"]
[PlyCount "35"]
[EventDate "2018.12.27"]
[EventType "swiss"]
[EventRounds "7"]
[EventCountry "GER"]
[SourceTitle "CBM 188 Extra"]
[Source "ChessBase"]
[SourceDate "2019.02.28"]
[SourceVersion "1"]
[SourceVersionDate "2019.02.28"]
[SourceQuality "1"]

1. e4 e5 2. Nf3 Nc6 3. Bc4 Bc5 4. d3 Nf6 5. Nc3 h6 6. a3 a6 7. Nd5 d6 8. Be3 Bxe3 9. fxe3 Be6 10. Qd2 Bxd5 11. exd5 Ne7 12. e4 Qd7 13. 0-0 0-0 14. Nh4 Qg4 15. Nf5 Nxf5 16. Rxf5 Nh7 17. Qf2 g6 18. h3 1-0

[Event "Gelsenkirchen Silvester op 5th"]
[Site "Gelsenkirchen"]
[Date "2017.12.29"]
[Round "4"]
[White "Jacobi, Niklas"]
[Black "Westendorp, Christian"]
[Result "0-1"]
[WhiteElo "1802"]
[BlackElo "1669"]
[PlyCount "46"]
[EventDate "2017.12.27"]
[EventType "swiss"]
[EventRounds "5"]
[EventCountry "GER"]
[SourceTitle "CBM 182 Extra"]
[Source "ChessBase"]
[SourceDate "2018.02.23"]
[SourceVersion "1"]
[SourceVersionDate "2018.02.23"]
[SourceQuality "1"]

1. e4 Nf6 2. e5 Nd5 3. d4 d6 4. c4 Nb6 5. exd6 exd6 6. Nf3 Be7 7. Be2 0-0 8. 0-0 Bf6 9. Nc3 Nc6 10. Be3 Bf5 11. Rc1 Re8 12. h3 a5 13. d5 Ne5 14. Bxb6 Nxf3+ 15. Bxf3 cxb6 16. Na4 Bd7 17. Nc3 Be5 18. Be4 Bxc3 19. Bxh7+ Kxh7 20. Rxc3 Rh8 21. Qd4 Kg8 22. Rg3 g6 23. Re1 Qh4 0-1